Earth's regions / (Record no. 5677)

MARC details
000 -LEADER
fixed length control field 00672nam a22002297a 4500
001 - CONTROL NUMBER
control field 5677
003 - CONTROL NUMBER IDENTIFIER
control field FISKH
005 - DATE AND TIME OF LATEST TRANSACTION
control field 20250113110026.0
008 - FIXED-LENGTH DATA ELEMENTS--GENERAL INFORMATION
fixed length control field 250113b cb ||||| |||| 00| 0 eng d
020 ## - INTERNATIONAL STANDARD BOOK NUMBER
International Standard Book Number 0070398143
040 ## - CATALOGING SOURCE
Original cataloging agency FISKH
Language of cataloging eng
Transcribing agency FISKH
Modifying agency FISKH
050 ## - LIBRARY OF CONGRESS CALL NUMBER
Classification number E178.1
082 ## - DEWEY DECIMAL CLASSIFICATION NUMBER
Classification number 910​
100 ## - MAIN ENTRY--PERSONAL NAME
Personal name Graham, Alma
245 ## - TITLE STATEMENT
Title Earth's regions /
Statement of responsibility, etc. By Alma Graham , Celo Cherrryholmes, Gary Manson, Anna Ochaoa
260 ## - PUBLICATION, DISTRIBUTION, ETC.
Place of publication, distribution, etc. New York :
Name of publisher, distributor, etc. McGaaw-Hill, Inc ;
Date of publication, distribution, etc. 1988.
300 ## - PHYSICAL DESCRIPTION
Extent 352 pages ;
Other physical details color illustrations, maps ;
Dimensions 25 cm .
650 ## - SUBJECT ADDED ENTRY--TOPICAL TERM
Topical term or geographic name entry element geography
Form subdivision non-fiction
700 ## - ADDED ENTRY--PERSONAL NAME
Personal name Cherryholmes, Cleo
Relator term illustrator
942 ## - ADDED ENTRY ELEMENTS (KOHA)
Source of classification or shelving scheme Dewey Decimal Classification
Koha item type Books
Suppress in OPAC No
Holdings
Withdrawn status Lost status Source of classification or shelving scheme Damaged status Not for loan Collection Home library Current library Shelving location Date acquired Total Checkouts Full call number Barcode Date last seen Price effective from Koha item type
    Dewey Decimal Classification     Non-Fiction Footprints International School Library Network Toul Kork Campus Footprints International School Library Network Toul Kork Campus TTP Secondary Non-Fiction Bookshelves 01/13/2025   GRA 910 E178.1 FIS01628 01/13/2025 01/13/2025 Books